Gli eccessi del piacere /

Uloženo v:
Podrobná bibliografie
Hlavní autor: Fritzlaev, Johannes Kaleb Ezana : von (Autor)
Médium: Kniha
Jazyk:italština
Vydáno: Torino : Dellavalle, 1971
Edice:Documentario fotografico Athenaeum ; 7
Tagy: Přidat tag
Žádné tagy, Buďte první, kdo vytvoří štítek k tomuto záznamu!

MARC

LEADER 00000nam a22000007i 4500
001 IT\ICCU\UBO\3457017
003 ItRI
005 20260115232314.0
008 080716s1971 it |||||| ||||| |||||c
040 |b ita  |c importazione bologna sebina 
041 7 |a ita  |2 ISO-639-2 
100 1 |a Fritzlaev, Johannes Kaleb Ezana : von  |0 IT\ICCU\UBOV\242113  |4 aut 
245 1 4 |a Gli eccessi del piacere /  |c Johannes Kaleb Ezanà von Fritzlaev. 
260 |a Torino :  |b Dellavalle,  |c 1971 
300 |a 147 p. ;  |c 19 cm. 
830 0 |a Documentario fotografico Athenaeum ;  |v 7  |0 IT\ICCU\RAV\0054369 
942 |2 ddc  |c BK  |n 0 
952 |0 0  |1 0  |4 0  |6 DOC_301_410000000000000_FRI  |7 0  |9 23905  |a BO  |b BO  |d 2026-01-15  |i 172  |l 0  |o DOC 301.41 FRI  |p BO172  |r 2026-01-15 23:23:14  |w 2026-01-15  |x [Sebina 5] [1 v. (2. copia)]  |y BK  |z 1 v. (2. copia) 
952 |0 0  |1 0  |4 0  |6 DOC_301_410000000000000_FRI  |7 0  |9 23906  |a BO  |b BO  |d 2026-01-15  |i 493  |l 0  |o DOC 301.41 FRI  |p BO493  |r 2026-01-15 23:23:15  |w 2026-01-15  |x [Sebina 5] [1 v.]  |y BK  |z 1 v. 
999 |c 20362  |d 20362